Miss Universe Top 15Countries - Statistics

General Stats
  • This quiz has been taken 914 times
  • The average score is 9 of 15
Answer Stats
Hint Answer % Correct
8 crowns 21 runner-ups USA
97%
7 crowns 18 runner-ups Venezuela
91%
2 crowns 11 runner-ups Colombia
76%
2 crowns 9 runner-ups Philippines
74%
2 crowns 5 runner-ups Mexico
64%
2 crowns 13 runner-ups Brazil
63%
5 crowns 5 runner-ups Puerto Rico
62%
2 crowns 4 runner-ups India
58%
3 crowns 10 runner-ups Sweden
55%
2 crowns 7 runner-ups Japan
50%
2 crowns 1 runner-ups Thailand
47%
2 crowns 3 runner-ups Canada
46%
2 crowns 8 runner-ups Australia
42%
2 crowns 11 runner-ups Finland
34%
2 crowns 2 runner-ups Trinidad&Tobago
3%
No matching quizzes found
Score Distribution
Percent of People with Each Score
Percentile by Number Answered
Your Score History
You have not taken this quiz